Návrh zaistenia hlbokej stavebnej jamy

Salvato in:
Dettagli Bibliografici
Autore principale: Krško, Milan (Autore)
Altri autori: Frankovská, Jana (Relatore della tesi)
Natura: Manoscritto Libro
Lingua:slovacco
Pubblicazione: 2024
Soggetti:
Accesso online:http://is.stuba.sk/zp/portal_zp.pl?podrobnosti=176290
https://opac.crzp.sk/?fn=detailBiblioForm&sid=AA0D9432EF6DE826CE101A4F11D3
Tags: Aggiungi Tag
Nessun Tag, puoi essere il primo ad aggiungerne!!

MARC

LEADER 00000ntm a22000003a 4500
001 stuzp99831
003 SK-STU
005 20240924135711.0
007 ta
008 150427s2015----xo-----f-mn---000-0-slo-d
040 |a STU  |b slo 
041 0 |a slo 
100 1 |a Krško, Milan  |u 010150  |4 aut  |U SvF Stavebná fakulta  |T SvF Katedra geotechniky  |X 117550  |U V150  |Y 15  |7 117550 
242 0 1 |a Design of deep excavation  |y eng 
245 1 0 |a Návrh zaistenia hlbokej stavebnej jamy 
260 |c 2024 
650 4 |a prúdová injektáž  |2 slo 
650 4 |a geotechnický návrh  |2 slo 
650 4 |a pažiaca konštrukcia  |2 slo 
650 4 |a retaining structure  |2 eng 
650 4 |a jet grouting  |2 eng 
650 4 |a deep excavation  |2 eng 
700 1 |a Frankovská, Jana  |u 010150  |k Z1  |4 ths  |U SvF Stavebná fakulta  |T SvF Katedra geotechniky  |X 3849  |U V150  |Y 15  |7 A000003849 
856 4 |u http://is.stuba.sk/zp/portal_zp.pl?podrobnosti=176290 
856 4 |u https://opac.crzp.sk/?fn=detailBiblioForm&sid=AA0D9432EF6DE826CE101A4F11D3